Las huellas del pasado /
Guardado en:
| Autores Corporativos: | , |
|---|---|
| Formato: | |
| Series: | Explora. Ciencias Sociales
|
| Materias: | |
| Etiquetas: |
Agregar Etiqueta
Sin Etiquetas, Sea el primero en etiquetar este registro!
|
| LEADER | 01222ngm a22003375g 4500 | ||
|---|---|---|---|
| 001 | CEM.cems023098 | ||
| 008 | 130507b2012##################0###0#####d | ||
| 005 | 20241211194435.0 | ||
| 245 | 1 | 0 | |a Las huellas del pasado / |c Canal Encuentro. |
| 300 | |a 28'. | ||
| 490 | 0 | |a Explora. Ciencias Sociales | |
| 500 | |a Consultar en ventanilla. | ||
| 505 | 0 | |a Reconstrucción del pasado remoto de la Humanidad a través de los objetos o restos encontrados. Aportes de la Paleontología, Botánica, zoología y otras ciencias, abordando ejemplos de distintos lugares del mundo. | |
| 538 | |a Soporte: DVD - Color: Si - Grabación DRD 2012 | ||
| 590 | |a Identificación SIABUC: DVD Nº 45 - DVD NO ENCONTRADO, DAR DE BAJA | ||
| 110 | 2 | |a Canal Encuentro. | |
| 710 | 2 | |a Universidad Nacional de Córdoba. | |
| 082 | 9 | 1 | |/ PAI-1 |
| 653 | |a HISTORIA | ||
| 653 | |a CIENCIAS SOCIALES | ||
| 653 | |a EXPLORA | ||
| 653 | |a HISTORIA DEL ARTE | ||
| 653 | |a PREHISTORIA | ||
| 653 | |a ANTROPOLOGIA | ||
| 653 | |a PALEONTOLOGIA | ||
| 653 | |a ZOOLOGIA | ||
| 653 | |a BOTANICA | ||
| 653 | |a NIVEL PRIMARIO | ||
| 653 | |a NIVEL SECUNDARIO | ||
| 653 | |a DOCUMENTAL | ||
| 859 | |a CEMS |b BIB. CEMS - Depto. Recursos Didacticos |h 910 |i PAI-1 |k DRD |p 1741.12 |t Ej.1 | ||
